Mistrzostwa Świata 1954 (drużyny) - Statystyki

Ogólne statystyki
  • Ten quiz został rozwiązany 17 razy
  • Średni wynik to 12 z 16
Statystyki odpowiedzi
Reprezentacja % Poprawnych
Grupa D Anglia
94%
Grupa A Brazylia
94%
Grupa A Meksyk
88%
Grupa C Szkocja
88%
Grupa C Czechosłowacja
81%
Grupa A Francja
81%
Grupa B RFN | Republika Federalna Niemiec | Niemcy Zachodnie
81%
Grupa C Urugwaj
75%
Grupa B Węgry
75%
Grupa D Belgia
69%
Grupa A Jugosławia
69%
Grupa D Szwajcaria
69%
Grupa D Włochy
69%
Grupa C Austria
63%
Grupa B Turcja
63%
Grupa B Korea Południowa
38%
Nie znaleziono quizów pasujących do podanych kryteriów
Rozkład punktacji
Procent ludzi z każdym wynikiem
Percentyl według liczby udzielonych odpowiedzi
Twoja historia wyników
Nie rozwiązałeś tego quizu